| 000 | 00879nam a2200229Ia 4500 | ||
|---|---|---|---|
| 003 | OSt | ||
| 005 | 20220923213627.0 | ||
| 006 | a|||||r|||| 00| 0 | ||
| 007 | ta | ||
| 008 | 220922b |||||||| |||| 00| 0 hin d | ||
| 024 | _a163,635 | ||
| 037 | _cTextual | ||
| 040 |
_aARTS _cARTS _bhin |
||
| 041 |
_2hin _ahin |
||
| 082 | _aO152:1N11:24, H9 | ||
| 100 |
_aअज्ञेय, सच्चिदानन्द हीरार्नन्द वात्स्यायन _9163110 |
||
| 245 | 0 |
_aहरीघास पर क्षण भर _b 1947-49की कविताएं |
|
| 246 | _aHarīghās par kṣhaṇ bhara: 1947-49kī kavitāean | ||
| 260 | _c1949 | ||
| 942 |
_hO152:1N11:24, H9 _cTEXL _2CC |
||
| 999 |
_c318115 _d318115 |
||